00717nam a2200217Ia 4500003000400000005001700004008004100021020001500062040000700077041000800084082001700092100002300109245006200132260003900194300001800233365001300251906006300264942001200327999001900339952014100358OSt20230502110657.0210423s2002 xx 000 0 und d a8183712069 cAL aeng a574.192 NAGS aNAGINI (S).995828 aTextbook of biochemistry: molecular and clinical aspects. aChennaibScitech Publicationc2002 a32.8,I.18bPB b450cINR aaspects. ; biochemistry: ; clinical ; molecular ; Textbook 2ddccBK c162948d162948 001040708BTaSACPGbSACPGd2003-09-12eBook Worldg450.00l1o574.192 NAGSpPG009442r2022-08-24 00:00:00s2021-11-19w2021-04-26yBK